000 02029nam a22003137a 4500
005 20110601103735.0
010 _aENG-102530 B-447404-408
020 _a9789380607023
_c825.00
035 _aEN-86063 B-447404-408
037 _bDBAD / PUB
037 _bK.K.Pub/Ven
082 _a307.772
100 _aRatnagar, Shereen
_944987
245 _aBeing tribal /
_cby Shereen Ratnagar
260 _aDelhi
_bPrimus Books
_c2010
270 _aVirat Bhavan, Mukherjee Nagar Commercial Complex
_bDelhi
_e110009
300 _axiii, 111 p :
_c26cm (Hb)
_bcol. ill., col. map
500 _aIncludes bibliographical references (p. [90]-97) and index
520 _aStudy with reference to Rathwa and Dhanak communities residing in two villages of eastern Gujarat in India.
700 _927415
942 _adpl
_cEN
_2ddc
_mRAT
_h307.772
999 _c52654
_d52654